| 000 | 00772nam a2200217Ia 4500 | ||
|---|---|---|---|
| 005 | 20251128143523.0 | ||
| 008 | 210716s2016 xx 000 0 und d | ||
| 020 | _a9781784398637 | ||
| 040 | _cAIMIT LIBRARY | ||
| 041 | _aeng | ||
| 082 |
_a006.31 _21 _bHEAJ |
||
| 100 |
_aHearty, John. _9247137 |
||
| 245 |
_aAdvanced machine learning with python : _bsolve challenging data science problems by mastering cutting edge machine learning techniques in python / _cBy John Hearty. |
||
| 250 | _a1st ed. | ||
| 260 |
_aMumbai : _c2016. _bPacket Publishing , |
||
| 300 |
_axii,254p. ; _bPB _c23.9 cm |
||
| 650 |
_aStacked denosing autoencoders _9247138 |
||
| 650 |
_aFeatures engineering _9247139 |
||
| 650 |
_aEnsemble methods _9247140 |
||
| 942 |
_2ddc _cBK _e1st _k005.31 HEAJ |
||
| 999 |
_c196787 _d196787 |
||